|
|
|
|
| LEADER |
01068nam a2200325 4500 |
| 001 |
DLU210196320 |
| 005 |
##20200512 |
| 020 |
# |
# |
|a 9786046269175
|
| 040 |
# |
# |
|a DLU
|b vie
|
| 041 |
# |
# |
|a vie
|
| 044 |
# |
# |
|a vn
|
| 082 |
# |
# |
|a 387.520 959 7
|b NG-K
|
| 100 |
# |
# |
|a Nguyễn Văn Kim.
|
| 245 |
# |
# |
|a Biển Việt Nam và các mối giao thương biển /
|c Nguyễn Văn Kim.
|
| 260 |
# |
# |
|a H. :
|b Đại học Quốc gia,
|c 2019.
|
| 300 |
# |
# |
|a 555 tr. ;
|c 24 cm.
|
| 504 |
# |
# |
|a Tài liệu tham khảo: tr. 519-538.
|
| 505 |
# |
# |
|a Phần 1. Từ một truyền thống hải thương -- Phần 2. Vai trò, vị thế biển Việt Nam -- Phần 3. Việt Nam và thời hoàng kim của hải thương Châu Á.
|
| 650 |
# |
# |
|a Hàng hải
|z Việt Nam
|x Lịch sử.
|
| 923 |
# |
# |
|a 03/2020
|
| 991 |
# |
# |
|a SH
|
| 992 |
# |
# |
|a 180000
|
| 994 |
# |
# |
|a DLU
|
| 900 |
# |
# |
|a True
|
| 911 |
# |
# |
|a Nguyễn Thanh Hương
|
| 925 |
# |
# |
|a G
|
| 926 |
# |
# |
|a A
|
| 927 |
# |
# |
|a SH
|
| 980 |
# |
# |
|a Thư viện Trường Đại học Đà Lạt
|